Normal view
MARC view
Entry Personal Name
001 - CONTROL NUMBER
- control field: 124301
003 - CONTROL NUMBER IDENTIFIER
- control field: BI-BuBU
005 - DATE AND TIME OF LATEST TRANSACTION
- control field: 20160114153241.0
008 - FIXED-LENGTH DATA ELEMENTS
- fixed length control field: 160114|||a|||||| | ||| d
040 ## - CATALOGING SOURCE
- Original cataloging agency: BI-BuBU
- Transcribing agency: BI-BuBU
100 ## - HEADING--PERSONAL NAME
- Personal name: Niyongabo Gilbert
670 ## - SOURCE DATA FOUND
- Source citation: Work cat.: (BI-BuBU): aut Matakara Jean-Claude 124298, Analyse de la politique de promotion des investissements au Burundi ( 1980-2012), 2014
670 ## - SOURCE DATA FOUND
- Source citation: Work cat.: (BI-BuBU): aut Matakara Jean-Claude 124298, Analyse de la politique de promotion des investissements au Burundi ( 1980-2012), 2014